000 00468nam a22001937a 4500
003 OSt
005 20170105103441.0
008 120424t xxu||||| |||| 00| 0 eng d
020 _a8131712656
040 _cASAB
050 _a174.9, BRO
100 _aBaruch A Brody
_9131
245 _aBioethics
_bReading & Cases
260 _aIndia
_bPearson
300 _axxi, 371 p. ;
440 _aBioethics Reading & Cases
_9132
650 _aBioethics
_9133
942 _2lcc
_cBK
999 _c16468
_d16468